书目信息 |
| 题名: |
毒品在中国
|
|
| 作者: | 马模贞主编 | |
| 分册: | ||
| 出版信息: | 北京 北京出版社 1993.08 |
|
| 页数: | 294页 | |
| 开本: | 32开 | |
| 丛书名: | ||
| 单 册: | ||
| 中图分类: | C913.8 | |
| 科图分类: | ||
| 主题词: | 社会生活 , 社会问题 | |
| 电子资源: | ||
| ISBN: | 7-200-01963-1 | |
| 000 | 00540nam0 2200193 45 | |
| 001 | 9911301546 | |
| 005 | 19991130153220.7 | |
| 010 | @a7-200-01963-1@d5.40 | |
| 100 | @a19991130d1993 km y0chiy0120 ea | |
| 101 | @achi | |
| 105 | @a z 000yy | |
| 200 | 1 | @a毒品在中国@ADu Pin Zai Zhong Guo@f马模贞主编@FMa Mo Zhen Zhu Bian |
| 210 | @a北京@c北京出版社@d1993.08 | |
| 215 | @a294页@c无图表@d32开 | |
| 606 | 0 | @a社会生活 |
| 606 | 0 | @a社会问题 |
| 690 | @aC913.8@v3 | |
| 801 | @aCN@bPerfectUser@c19991130 | |
| 905 | @aBZT@b45011-012@f2@dC913.8@e1 | |
| 毒品在中国/马模贞主编.-北京:北京出版社,1993.08 |
| 294页:无图表;32开 |
| ISBN 7-200-01963-1:5.40 |
| ● |
| 相关链接 |
|
|
|
正题名:毒品在中国
索取号:C913.8/1
 
预约/预借
| 序号 | 登录号 | 条形码 | 馆藏地/架位号 | 状态 | 备注 |
| 1 | 45012 | 200411697 | 中心书库南/009架B面3层2列/ [索取号:C913.8/1] | 在馆 |